000 00934nas a2200301 4500
001 BR2013001084
003 BR-BrBNA
005 20231205121925.0
007 ta
008 230509b bl.|||p| |||| 00| 00por d
040 _aBR-BrBNA
_bpor
_cBiblioteca Nacional de Agricultura
041 _a(Pt)
072 _aF01; P33
100 1 _aAjalla, A.C.A.
100 1 _aVolpe, E.
100 1 _aVieira, M. do C.
100 1 _aZárate, N.A.H.
245 1 _aProdução de mudas de baru (Dipteryx alata Vog.)sob três níveis de sombreamento e quatro classes texturais de solo
650 _aCUMBARU
650 _aMUDA
650 _aSOMBREAMENTO
650 _aSUBSTRATO DE CULTURA
650 _aSOLO
650 _aCONDIÇÃO AMBIENTAL
773 0 _tRevista Brasileira de Fruticultura (Brazil)
_xISSN 0100-2945
_g(Sep 2012), v. 34(3) p. 888-896
_wBR2013001084
909 _a202311
_bLúcia
_c55
_dLúcia Elande
942 _2AGRIS
_n0
_cANA
999 _c225962
_d225962